| 000 | 00443nam a22001697a 4500 | ||
|---|---|---|---|
| 005 | 20251108164153.0 | ||
| 008 | 250721s1993 xx 000 0 ara d | ||
| 082 | 1 | 4 | _a301.2962/طه |
| 100 | 1 | _aحسين، طه | |
| 245 | 1 | 0 | _aمستقبل الثقافة في مصر / |
| 264 | 1 |
_aالقاهرة : _bدار المعارف، _c1993. |
|
| 300 | _a303ص | ||
| 650 | 1 | 7 | _aالثقافة |
| 650 | 1 | 7 | _aمصر |
| 942 |
_2ddc _cBK |
||
| 999 |
_c5420 _d5420 |
||